| 000 | 00727 a2200205 4500 | ||
|---|---|---|---|
| 999 |
_c10349 _d10349 |
||
| 020 | _a0687171822 | ||
| 050 | 0 | 0 | _aBT21.2GON 1970 |
| 100 | 1 |
_aGonzl̀ez, Justo L. _eauthor |
|
| 245 | 1 | 2 |
_aA history of Christian thought: _bFrom the beginnings to the Council of Chalcedon / _cJusto L. Gonzl̀ez. |
| 250 | _aRev. ed., vol 1 | ||
| 264 |
_aNashville : _b Abingdon Press, _c1987 |
||
| 300 | _a400 pages, 3 v. ;1 online resource. | ||
| 440 | _aFrom the beginnings to the Council of Chalcedon | ||
| 500 | _aIncludes bibliographies and indexes. | ||
| 504 | _aIncludes bibliographies and indexes. | ||
| 650 | 0 |
_aTheology, Doctrinal _xHistory. |
|
| 650 | 0 | _aRELIGION | |
| 942 |
_2lcc _cBK _h21.2 _iGON _kBT |
||